| 000 | 00414nam a2200133Ia 4500 | ||
|---|---|---|---|
| 008 | 200626s9999 xx 000 0 und d | ||
| 020 | _a978-0-273-72576-3 | ||
| 100 | _aWood, Marian Burk | ||
| 245 |
_cMarian Burk Wood.-- _aEssential guide to: _bMarketing planning:/ |
||
| 250 | _a2nd ed. | ||
| 260 |
_aEngland: _bPearson Education Limited _c2010 |
||
| 300 | _axx, 303 pages | ||
| 500 | _aIncludes Appendix, and Index | ||
| 999 |
_c363856 _d363856 |
||